[Event "SUI-chT"]
[Site "Switzerland"]
[Date "2017.05.14"]
[Round "4.3"]
[White "Hickl, Joerg"]
[Black "Petrov, Nikita"]
[Result "0-1"]
[WhiteElo "2556"]
[BlackElo "2511"]
[PlyCount "134"]
[EventDate "2017.03.19"]
[EventType "team-swiss"]
[EventRounds "9"]
[EventCountry "SUI"]
[SourceTitle "EXT 2018"]
[Source "ChessBase"]
[SourceDate "2017.10.13"]
[SourceVersion "1"]
[SourceVersionDate "2017.10.13"]
[SourceQuality "1"]
[WhiteTeam "Riehen"]
[BlackTeam "Geneve"]
[WhiteTeamCountry "SUI"]
[BlackTeamCountry "SUI"]

1. g3 d5 2. Bg2 e5 3. d3 Nf6 4. c4 dxc4 5. Qa4+ Bd7 6. Qxc4 Nc6 7. Nf3 Be7 8. 0-0 0-0 9. Nbd2 h6 10. Nb3 Be6 11. Qc2 a5 12. Bd2 a4 13. Nc1 Qd7 14. a3 Bf5 15. e4 Bg4 16. Bc3 Bxf3 17. Bxf3 Rfd8 18. Rd1 Nd4 19. Bxd4 Qxd4 20. Ne2 Qb6 21. Rac1 c6 22. Kg2 Ra5 23. h4 Qa7 24. Rd2 Bc5 25. Rf1 Bd4 26. Nc3 Qc5 27. Qc1 Raa8 28. Bd1 Rd7 29. Rc2 Qe7 30. Re1 Bb6 31. Rd2 Ba5 32. Re3 Rd4 33. Bf3 Rad8 34. Rd1 b5 35. Qc2 Bb6 36. Na2 R4d6 37. Ree1 Qe6 38. Qb1 Nd7 39. Nc1 Nc5 40. Be2 Qf6 41. Bf3 Qe6 42. Rf1 Qd7 43. Be2 Rf6 44. Bf3 Rd6 45. Be2 Qe6 46. Qc2 Rf8 47. f4 exf4 48. Rxf4 Qe7 49. Bg4 Ne6 50. Bxe6 Qxe6 51. Qe2 Rfd8 52. Rdf1 R8d7 53. h5 Bd8 54. Qc2 c5 55. Qxc5 Bg5 56. Qc8+ Kh7 57. Rxf7 Rxf7 58. Qxe6 Rxe6 59. Rxf7 Bxc1 60. Rf2 Rd6 61. Rc2 Be3 62. Rc3 Bd4 63. Rc2 Be5 64. Rd2 b4 65. Kf3 b3 66. Ke3 Bd4+ 67. Ke2 Rf6 0-1

[Event "SUI-chT"]
[Site "Switzerland"]
[Date "2016.04.17"]
[Round "2.2"]
[White "Prusikin, Michael"]
[Black "Hickl, Joerg"]
[Result "1-0"]
[WhiteElo "2528"]
[BlackElo "2560"]
[PlyCount "117"]
[EventDate "2016.03.20"]
[EventType "team-tourn"]
[EventRounds "9"]
[EventCountry "SUI"]
[SourceTitle "EXT 2017"]
[Source "ChessBase"]
[SourceDate "2016.10.25"]
[SourceVersion "1"]
[SourceVersionDate "2016.10.25"]
[SourceQuality "1"]
[WhiteTeam "Wollishofen"]
[BlackTeam "Riehen"]
[WhiteTeamCountry "SUI"]
[BlackTeamCountry "SUI"]

1. e4 g6 2. d4 d6 3. Nc3 c6 4. Be3 Bg7 5. h3 Nd7 6. Nf3 b5 7. Bd3 Bb7 8. 0-0 Qc7 9. Ne2 Ngf6 10. Ng3 0-0 11. Re1 Rfe8 12. c3 e5 13. Qd2 a6 14. Bh6 Bh8 15. a4 Nb6 16. b3 Rad8 17. Bg5 Bg7 18. Nh2 Bc8 19. Bh6 d5 20. Bxg7 Kxg7 21. Nf3 exd4 22. e5 Ng8 23. cxd4 bxa4 24. bxa4 c5 25. a5 Nd7 26. Ne2 c4 27. Bc2 Nf8 28. Nc3 Be6 29. Ba4 Re7 30. Reb1 Bf5 31. Rb6 Re6 32. Qb2 h6 33. Rb7 Qc8 34. Qb4 g5 35. Nxd5 Be4 36. Rc7 Qa8 37. Nb6 Qb8 38. Qxc4 Bxf3 39. gxf3 Rxd4 40. Rxf7+ Kxf7 41. Qxd4 Qxe5 42. Qxe5 Rxe5 43. Bb3+ Kg7 44. Bc4 Ne7 45. Bxa6 Nc6 46. Nc4 Rc5 47. Ra4 Ne6 48. Bb7 Na7 49. a6 Rb5 50. Kh2 Nf4 51. Be4 Kf6 52. Ra5 Rb4 53. Ne3 Rb2 54. Nd5+ Nxd5 55. Rxd5 Ke6 56. Rd8 Rb6 57. Bb7 Ke7 58. Ra8 Nb5 59. a7 1-0

[Event "SUI-chT"]
[Site "Switzerland"]
[Date "2015.10.11"]
[Round "9.1"]
[White "Hickl, Joerg"]
[Black "Bauer, Christian"]
[Result "1-0"]
[WhiteElo "2588"]
[BlackElo "2637"]
[PlyCount "95"]
[EventDate "2015.03.29"]
[EventType "team-tourn"]
[EventRounds "9"]
[EventCountry "SUI"]
[SourceTitle "EXT 2017"]
[Source "ChessBase"]
[SourceDate "2016.10.25"]
[SourceVersion "1"]
[SourceVersionDate "2016.10.25"]
[SourceQuality "1"]
[WhiteTeam "Riehen"]
[BlackTeam "Zuerich"]
[WhiteTeamCountry "SUI"]
[BlackTeamCountry "SUI"]

1. g3 e5 2. Bg2 d5 3. d3 Nf6 4. c4 d4 5. Nf3 Nc6 6. 0-0 a5 7. Na3 Be7 8. Nc2 0-0 9. b3 Bf5 10. Bb2 Re8 11. a3 Rb8 12. Nh4 Bg4 13. h3 Be6 14. Kh2 Nd7 15. Nf3 b5 16. Nd2 Na7 17. Rb1 Nb6 18. cxb5 Nxb5 19. Nc4 Nxc4 20. bxc4 Nd6 21. Qd2 c5 22. e3 Bg5 23. f4 dxe3 24. Nxe3 exf4 25. gxf4 Bh6 26. Qf2 Nf5 27. Ng4 Qxd3 28. Rbd1 Qxc4 29. Be5 Rbc8 30. Rg1 g6 31. Nxh6+ Nxh6 32. Qh4 Bg4 33. Rc1 Qe2 34. Qxh6 Rxe5 35. fxe5 Qxe5+ 36. Kh1 Be6 37. Rge1 Qb2 38. Rcd1 Qxa3 39. Rxe6 fxe6 40. Rd7 Qa1+ 41. Kh2 Qe5+ 42. Kg1 Qh8 43. Bf3 a4 44. Bg4 Qa1+ 45. Bd1 Qf6 46. Qxh7+ Kf8 47. Qh6+ Ke8 48. Rg7 1-0

[Event "SUI-chT"]
[Site "Switzerland"]
[Date "2015.09.05"]
[Round "6.2"]
[White "Hickl, Joerg"]
[Black "Kraemer, Martin"]
[Result "1-0"]
[WhiteElo "2588"]
[BlackElo "2559"]
[PlyCount "109"]
[EventDate "2015.03.29"]
[EventType "team-tourn"]
[EventRounds "9"]
[EventCountry "SUI"]
[SourceTitle "EXT 2016"]
[Source "ChessBase"]
[SourceDate "2015.10.08"]
[SourceVersion "1"]
[SourceVersionDate "2015.10.08"]
[SourceQuality "1"]
[WhiteTeam "Riehen"]
[BlackTeam "Luzern"]
[WhiteTeamCountry "SUI"]
[BlackTeamCountry "SUI"]

1. g3 d5 2. Nf3 Nf6 3. Bg2 Bg4 4. c4 c6 5. Ne5 Be6 6. cxd5 Bxd5 7. Nf3 c5 8. 0-0 e6 9. b3 Be7 10. Bb2 0-0 11. d3 b6 12. Nbd2 Bb7 13. Rc1 a6 14. d4 Nbd7 15. dxc5 Bxc5 16. Nc4 Qe7 17. a3 a5 18. Nd4 Bxg2 19. Kxg2 Rac8 20. Qd3 Bxd4 21. Bxd4 b5 22. Nxa5 Rxc1 23. Rxc1 Qxa3 24. Qd2 Ne4 25. Bb2 Qa2 26. Qc2 Qxa5 27. Qxe4 Nf6 28. Bxf6 gxf6 29. Rc5 f5 30. Qe5 Qa8+ 31. f3 Qb8 32. Rxb5 Qxe5 33. Rxe5 Rb8 34. Re3 Kf8 35. Kf2 Ke7 36. Rd3 e5 37. Ke3 h5 38. Rc3 h4 39. Kd3 hxg3 40. hxg3 Ke6 41. Kc2 Kd6 42. Rc4 Ra8 43. Ra4 Rg8 44. g4 fxg4 45. fxg4 Rh8 46. Kd3 Rh4 47. e3 Kd5 48. g5 Rh1 49. Ra5+ Ke6 50. Ra6+ Kd5 51. Ra5+ Ke6 52. b4 Rb1 53. Kc4 Rc1+ 54. Kd3 Rd1+ 55. Ke4 1-0

[Event "BL2-Sued 1415"]
[Site "Germany"]
[Date "2015.02.22"]
[Round "7.3"]
[White "Farago, Ivan"]
[Black "Hickl, Joerg"]
[Result "1/2-1/2"]
[WhiteElo "2443"]
[BlackElo "2547"]
[PlyCount "93"]
[EventDate "2014.09.21"]
[EventType "team-tourn"]
[EventRounds "9"]
[EventCountry "GER"]
[SourceTitle "CBM 166 Extra"]
[Source "ChessBase"]
[SourceDate "2015.06.18"]
[SourceVersion "1"]
[SourceVersionDate "2015.06.18"]
[SourceQuality "1"]
[WhiteTeam "Griesheim"]
[BlackTeam "Hofheim"]
[WhiteTeamCountry "GER"]
[BlackTeamCountry "GER"]

1. d4 Nf6 2. c4 c5 3. d5 g6 4. Nc3 Bg7 5. e4 d6 6. Be2 0-0 7. Bf4 Na6 8. Nf3 Nc7 9. 0-0 a6 10. a4 Rb8 11. Qd2 Bg4 12. e5 Nfe8 13. exd6 exd6 14. a5 b5 15. axb6 Rxb6 16. h3 Bf5 17. Ra2 Nf6 18. Bd3 Bxd3 19. Qxd3 Qd7 20. Re1 Rfb8 21. Re2 Rb4 22. Bc1 Qc8 23. Bf4 Nce8 24. Ng5 Rb3 25. Nge4 Nxe4 26. Qxe4 Bd4 27. Kh2 h5 28. Bg3 Bf6 29. Qf3 Kg7 30. Qe4 Qd8 31. Rxa6 h4 32. Bf4 g5 33. Bc1 Qc8 34. Ra7 Be5+ 35. Kg1 Nf6 36. Qe3 Bf4 37. Qe7 R3b7 38. Bxf4 Rxe7 39. Rexe7 gxf4 40. Rxf7+ Kg6 41. Nb5 Rb6 42. Rg7+ Kh6 43. Rge7 Ra6 44. Rec7 Qe8 45. Rxa6 Qe1+ 46. Kh2 Qxf2 47. Rxd6 1/2-1/2

[Event "SUI-chT"]
[Site "Switzerland"]
[Date "2014.10.11"]
[Round "8.2"]
[White "Hickl, Joerg"]
[Black "Jussupow, Artur"]
[Result "1/2-1/2"]
[WhiteElo "2628"]
[BlackElo "2593"]
[PlyCount "60"]
[EventDate "2014.03.16"]
[EventType "team-tourn"]
[EventRounds "9"]
[EventCountry "SUI"]
[SourceTitle "EXT 2015"]
[Source "ChessBase"]
[SourceDate "2014.11.20"]
[SourceVersion "1"]
[SourceVersionDate "2014.11.20"]
[SourceQuality "1"]
[WhiteTeam "Riehen"]
[BlackTeam "Winterthur"]
[WhiteTeamCountry "SUI"]
[BlackTeamCountry "SUI"]

1. g3 d5 2. Nf3 c6 3. Bg2 Nf6 4. b3 Bf5 5. Bb2 e6 6. d3 h6 7. Nbd2 Nbd7 8. 0-0 Bh7 9. c4 Be7 10. a3 a5 11. Bc3 b5 12. cxb5 cxb5 13. b4 a4 14. e4 Rc8 15. Rc1 0-0 16. Qe2 Nb8 17. Bd4 Nc6 18. Bc5 Nd7 19. Bxe7 Nxe7 20. exd5 Nxd5 21. Ne4 Qb6 22. Rfe1 Rc7 23. Bf1 Rfc8 24. Qb2 Bg6 25. Rxc7 Qxc7 26. Qd4 Bh5 27. Bg2 Qb8 28. Qb2 Qc7 29. Qd4 Qb8 30. Qb2 Qc7 1/2-1/2

[Event "BL2-Sued 1314"]
[Site "Germany"]
[Date "2013.12.15"]
[Round "4.3"]
[White "Hickl, Joerg"]
[Black "Mueller, Reinhold"]
[Result "1-0"]
[WhiteElo "2566"]
[BlackElo "2231"]
[PlyCount "93"]
[EventDate "2013.10.13"]
[EventType "team-tourn"]
[EventRounds "9"]
[EventCountry "GER"]
[SourceTitle "EXT 2015"]
[Source "ChessBase"]
[SourceDate "2014.11.20"]
[SourceVersion "1"]
[SourceVersionDate "2014.11.20"]
[SourceQuality "1"]
[WhiteTeam "Hofheim"]
[BlackTeam "Schwarzenbach"]
[WhiteTeamCountry "GER"]
[BlackTeamCountry "GER"]

1. g3 c5 2. Bg2 g6 3. c3 Bg7 4. Nf3 Nf6 5. d3 d5 6. a3 0-0 7. 0-0 Nc6 8. Nbd2 e5 9. e4 dxe4 10. dxe4 Qc7 11. b4 Rd8 12. Qe2 cxb4 13. axb4 b6 14. Bb2 Bh6 15. Rfe1 Be6 16. Nf1 a5 17. Ne3 Nxe4 18. b5 Ne7 19. Ng4 Bxg4 20. Qxe4 Bxf3 21. Bxf3 Rac8 22. c4 f6 23. Ba3 Rd4 24. Qb7 Qxb7 25. Bxb7 Rc7 26. Bg2 Bd2 27. c5 Bxe1 28. cxb6 Rc8 29. b7 Rb8 30. Bxe7 Bb4 31. Bxf6 Bd6 32. Bc6 Kf7 33. Bg5 Bb4 34. Be3 Ke6 35. f4 Rc4 36. Kg2 Rc2+ 37. Kh3 Bc5 38. Bxc5 Rxc5 39. Rxa5 Kd6 40. Ra8 Kc7 41. b6+ Kxb6 42. Rxb8 Rxc6 43. fxe5 Rc7 44. e6 Ka7 45. Rf8 Kxb7 46. Rf7 Kb6 47. e7 1-0

[Event "SUI-chT"]
[Site "Switzerland"]
[Date "2013.09.08"]
[Round "7.3"]
[White "Hickl, Joerg"]
[Black "Kurmann, Oliver"]
[Result "1/2-1/2"]
[WhiteElo "2564"]
[BlackElo "2424"]
[PlyCount "92"]
[EventDate "2013.03.17"]
[EventType "team-tourn"]
[EventRounds "9"]
[EventCountry "SUI"]
[SourceTitle "EXT 2014"]
[Source "ChessBase"]
[SourceDate "2013.11.20"]
[SourceVersion "1"]
[SourceVersionDate "2013.11.20"]
[SourceQuality "1"]
[WhiteTeam "Riehen"]
[BlackTeam "Luzern"]
[WhiteTeamCountry "SUI"]
[BlackTeamCountry "SUI"]

1. g3 d5 2. Bg2 Nf6 3. Nf3 c6 4. b3 Bg4 5. Bb2 Nbd7 6. d3 e6 7. 0-0 Bd6 8. c4 0-0 9. Na3 a5 10. Nc2 b5 11. Rc1 Qb6 12. Bd4 Qb8 13. Qd2 Rc8 14. Rfd1 h6 15. Rb1 e5 16. Ba1 b4 17. Rdc1 Ra6 18. e3 Re8 19. Nce1 Bf5 20. Nh4 Bh7 21. Bh3 e4 22. Nf5 Bf8 23. cxd5 cxd5 24. Rc2 Ne5 25. dxe4 dxe4 26. Rbc1 Nfg4 27. Bxe5 Qxe5 28. Bxg4 Bxf5 29. Qe2 Rf6 30. Rd1 g6 31. Rcd2 h5 32. Bxf5 Qxf5 33. Nc2 h4 34. Rd5 Re5 35. Nd4 Qg5 36. Rxe5 Qxe5 37. Qg4 hxg3 38. hxg3 Bc5 39. Kg2 Bxd4 40. Rxd4 Re6 41. Qd1 Qf5 42. Rd5 Re5 43. Rd8+ Kg7 44. Qd4 Qf6 45. Rd6 Qf3+ 46. Kg1 f6 1/2-1/2

[Event "SUI-chT"]
[Site "Switzerland"]
[Date "2013.06.23"]
[Round "5.2"]
[White "Prusikin, Michael"]
[Black "Hickl, Joerg"]
[Result "1-0"]
[WhiteElo "2546"]
[BlackElo "2577"]
[PlyCount "63"]
[EventDate "2013.03.17"]
[EventType "team-tourn"]
[EventRounds "9"]
[EventCountry "SUI"]
[SourceTitle "EXT 2014"]
[Source "ChessBase"]
[SourceDate "2013.11.20"]
[SourceVersion "1"]
[SourceVersionDate "2013.11.20"]
[SourceQuality "1"]
[WhiteTeam "Wollishofen"]
[BlackTeam "Riehen"]
[WhiteTeamCountry "SUI"]
[BlackTeamCountry "SUI"]

1. e4 d6 2. d4 Nf6 3. Nc3 e5 4. Nf3 exd4 5. Nxd4 Be7 6. g3 0-0 7. Bg2 Re8 8. 0-0 Bf8 9. b3 Nbd7 10. Bb2 Nc5 11. Re1 a5 12. a4 c6 13. Qd2 Qb6 14. Rad1 Bg4 15. f3 Bd7 16. Kh1 Rad8 17. g4 Qc7 18. Nde2 d5 19. exd5 Bc8 20. Nf4 Ne6 21. Nh5 Nxd5 22. Ne4 Kh8 23. Ng5 Ndf4 24. Qxd8 Rxd8 25. Rxd8 Kg8 26. Nxe6 Nxe6 27. Re8 f6 28. Bf1 b5 29. axb5 cxb5 30. Bxb5 Qxc2 31. Bc4 Bd7 32. R1xe6 1-0

[Event "BL2-Sued 1213"]
[Site "Germany"]
[Date "2012.12.09"]
[Round "4.2"]
[White "Hickl, Joerg"]
[Black "Konopka, Michal"]
[Result "1/2-1/2"]
[WhiteElo "2557"]
[BlackElo "2453"]
[PlyCount "58"]
[EventDate "2012.10.14"]
[EventType "team-tourn"]
[EventRounds "9"]
[EventCountry "GER"]
[SourceTitle "CBM 154 Extra"]
[Source "ChessBase"]
[SourceDate "2013.06.25"]
[SourceVersion "2"]
[SourceVersionDate "2013.06.25"]
[SourceQuality "1"]
[WhiteTeam "Hofheim"]
[BlackTeam "Schoeneck"]
[WhiteTeamCountry "GER"]
[BlackTeamCountry "GER"]

1. g3 d5 2. Nf3 g6 3. c4 c6 4. Qa4 e6 5. Bg2 Bg7 6. 0-0 Nf6 7. d3 0-0 8. Nbd2 Nbd7 9. cxd5 exd5 10. Nb3 Re8 11. Re1 a5 12. Nbd4 Qb6 13. Bd2 Ng4 14. Bc3 Nc5 15. Qc2 Bd7 16. e3 Ne6 17. Ne2 Bxc3 18. bxc3 Nc5 19. h3 Nf6 20. Ned4 Qa6 21. Rad1 Re7 22. Bf1 b5 23. Qb2 Rae8 24. Ne2 Na4 25. Qa1 c5 26. Nf4 c4 27. Nd4 Nc5 28. dxc4 dxc4 29. Qb1 g5 1/2-1/2

[Event "SUI-chT"]
[Site "Switzerland"]
[Date "2012.10.21"]
[Round "9.2"]
[White "Hickl, Joerg"]
[Black "Gallagher, Joseph G"]
[Result "1-0"]
[WhiteElo "2609"]
[BlackElo "2514"]
[PlyCount "83"]
[EventDate "2012.03.18"]
[EventType "team-tourn"]
[EventRounds "9"]
[EventCountry "SUI"]
[SourceTitle "EXT 2013"]
[Source "ChessBase"]
[SourceDate "2012.11.22"]
[SourceVersion "1"]
[SourceVersionDate "2012.11.22"]
[SourceQuality "1"]
[WhiteTeam "Riehen"]
[BlackTeam "Reti"]
[WhiteTeamCountry "SUI"]
[BlackTeamCountry "SUI"]

1. e4 c5 2. c3 Nf6 3. d3 d5 4. Nd2 Nc6 5. Ngf3 e5 6. a3 Be7 7. b4 a6 8. Be2 0-0 9. 0-0 b5 10. bxc5 Bxc5 11. exd5 Qxd5 12. Ng5 Bb7 13. Nge4 Nxe4 14. dxe4 Qd8 15. a4 b4 16. Nb3 Bd6 17. Bb2 Qe7 18. Bc4 Rac8 19. Qe2 bxc3 20. Bxc3 Bb4 21. Bb2 a5 22. Rfd1 Rfd8 23. Bd5 Nd4 24. Nxd4 exd4 25. Bxb7 Qxb7 26. Rxd4 Rxd4 27. Bxd4 Bc3 28. Bxc3 Rxc3 29. h4 h6 30. Rd1 Rc8 31. e5 Qe7 32. Qe4 Rc5 33. Re1 h5 34. g3 Qe6 35. Qd4 Rd5 36. Qc3 g6 37. Kg2 Kh7 38. Re4 f6 39. Qc7+ Kh8 40. Qb8+ Kh7 41. Qb7+ Kh6 42. exf6 1-0

[Event "SUI-chT"]
[Site "Switzerland"]
[Date "2012.10.20"]
[Round "8.1"]
[White "Hickl, Joerg"]
[Black "Miralles, Gilles"]
[Result "1-0"]
[WhiteElo "2609"]
[BlackElo "2491"]
[PlyCount "107"]
[EventDate "2012.03.18"]
[EventType "team-tourn"]
[EventRounds "9"]
[EventCountry "SUI"]
[SourceTitle "EXT 2013"]
[Source "ChessBase"]
[SourceDate "2012.11.22"]
[SourceVersion "1"]
[SourceVersionDate "2012.11.22"]
[SourceQuality "1"]
[WhiteTeam "Riehen"]
[BlackTeam "Geneve"]
[WhiteTeamCountry "SUI"]
[BlackTeamCountry "SUI"]

1. g3 e5 2. Bg2 d5 3. d3 Nf6 4. Nf3 Bd6 5. Nc3 d4 6. Nb5 0-0 7. c3 dxc3 8. bxc3 Nc6 9. 0-0 Re8 10. Nd2 Bf8 11. a4 Ne7 12. Nc4 Ned5 13. Bb2 c6 14. Nba3 Bg4 15. Qc2 Qc8 16. e4 Nc7 17. f4 exf4 18. gxf4 Bh3 19. Ne5 Bxg2 20. Qxg2 Ne6 21. d4 Qc7 22. Nac4 b5 23. Ne3 h5 24. Kh1 Rac8 25. Nf5 Kh7 26. Ng3 bxa4 27. Rxa4 Qb7 28. Bc1 h4 29. Nf5 Qb1 30. Nxf7 Qxe4 31. N5d6 Bxd6 32. Nxd6 Qd3 33. Nxc8 h3 34. Qf3 Qxf3+ 35. Rxf3 Nxf4 36. Rf1 Nd3 37. Ra2 Rxc8 38. Re2 Ng4 39. Kg1 Rb8 40. Re4 Nf6 41. Rh4+ Kg6 42. Rxh3 Nxc1 43. Rxc1 Rb7 44. Re3 Kf7 45. Ra1 Nd5 46. Rf3+ Ke6 47. Rg3 Nf4 48. Re1+ Kd6 49. Kf2 Rf7 50. Ke3 c5 51. Ra1 Kc6 52. dxc5 Kxc5 53. Ra5+ Kc6 54. c4 1-0

[Event "SUI-chT"]
[Site "Switzerland"]
[Date "2011.08.28"]
[Round "7.2"]
[White "Hickl, Joerg"]
[Black "Huebner, Robert"]
[Result "1/2-1/2"]
[WhiteElo "2572"]
[BlackElo "2600"]
[PlyCount "65"]
[EventDate "2011.02.27"]
[EventType "team-tourn"]
[EventRounds "9"]
[EventCountry "SUI"]
[SourceTitle "EXT 2012"]
[Source "ChessBase"]
[SourceDate "2011.11.24"]
[SourceVersion "1"]
[SourceVersionDate "2011.11.24"]
[SourceQuality "1"]
[WhiteTeam "Riehen"]
[BlackTeam "Luzern"]
[WhiteTeamCountry "SUI"]
[BlackTeamCountry "SUI"]

1. g3 d5 2. Nf3 c6 3. Bg2 Bg4 4. c4 e6 5. b3 Nd7 6. Bb2 Ngf6 7. 0-0 Bd6 8. d3 Qe7 9. a3 0-0 10. Nbd2 e5 11. Nh4 Qe6 12. Re1 Rfe8 13. b4 Rad8 14. Qb3 dxc4 15. Qxc4 Nb6 16. Qc2 Bh3 17. Bh1 h6 18. Rac1 Nfd7 19. Nb3 Bf8 20. Nf3 Rc8 21. Nfd2 c5 22. b5 Nd5 23. Na5 b6 24. Nac4 f6 25. Qb3 Nc7 26. a4 Qf7 27. Ne4 Rb8 28. Qa3 Red8 29. e3 Be7 30. Qa1 Nf8 31. d4 exd4 32. exd4 Nfe6 33. dxc5 1/2-1/2

[Event "BL2-West 1011"]
[Site "Germany"]
[Date "2011.04.10"]
[Round "9.1"]
[White "Hickl, Joerg"]
[Black "Dambacher, Martijn"]
[Result "1/2-1/2"]
[WhiteElo "2573"]
[BlackElo "2476"]
[PlyCount "69"]
[EventDate "2010.10.10"]
[EventType "team-tourn"]
[EventRounds "9"]
[EventCountry "GER"]
[SourceTitle "EXT 2012"]
[Source "ChessBase"]
[SourceDate "2011.11.24"]
[SourceVersion "1"]
[SourceVersionDate "2011.11.24"]
[SourceQuality "1"]
[WhiteTeam "Hofheim"]
[BlackTeam "Gerresheim"]
[WhiteTeamCountry "GER"]
[BlackTeamCountry "GER"]

1. g3 Nf6 2. Bg2 d5 3. Nf3 e6 4. 0-0 Be7 5. c4 0-0 6. b3 b6 7. Bb2 Bb7 8. e3 c5 9. Nc3 Nbd7 10. d3 a6 11. Qe2 Qc7 12. Rac1 Rac8 13. Rfd1 Qb8 14. cxd5 Nxd5 15. Ne4 Rfd8 16. a3 N5f6 17. Ned2 b5 18. Bh3 Qa8 19. e4 Nb8 20. Ne5 Nc6 21. Ndf3 Nd7 22. Ng4 Qb8 23. Qd2 Nf8 24. Bg2 Ng6 25. h4 h5 26. Ngh2 Nge5 27. Qe2 g6 28. Qe3 Qd6 29. Nxe5 Nxe5 30. d4 cxd4 31. Rxd4 Rxc1+ 32. Qxc1 Qb8 33. Rxd8+ Bxd8 34. Qf4 Nd7 35. Qxb8 1/2-1/2

[Event "BL2-West 1011"]
[Site "Germany"]
[Date "2010.12.12"]
[Round "4.1"]
[White "Van Kampen, Robin"]
[Black "Hickl, Joerg"]
[Result "1-0"]
[WhiteElo "2430"]
[BlackElo "2573"]
[PlyCount "66"]
[EventDate "2010.10.10"]
[EventType "team-tourn"]
[EventRounds "9"]
[EventCountry "GER"]
[SourceTitle "EXT 2012"]
[Source "ChessBase"]
[SourceDate "2011.11.24"]
[SourceVersion "1"]
[SourceVersionDate "2011.11.24"]
[SourceQuality "1"]
[WhiteTeam "Bochum SV"]
[BlackTeam "Hofheim"]
[WhiteTeamCountry "GER"]
[BlackTeamCountry "GER"]

1. e4 g6 2. d4 d6 3. Nc3 Bg7 4. Be3 a6 5. Qd2 Nd7 6. f3 b5 7. h4 h6 8. Nh3 Ngf6 9. 0-0-0 Bb7 10. Nf4 c6 11. g4 Qc7 12. Bh3 e5 13. dxe5 Nxe5 14. g5 hxg5 15. hxg5 Nh7 16. Qg2 Qe7 17. Nd3 Nc4 18. Bf4 Rd8 19. Kb1 Nf8 20. Ne2 a5 21. Bc1 b4 22. Ng3 c5 23. Rhe1 Nd7 24. f4 Ndb6 25. Qf1 Bd4 26. b3 Na3+ 27. Bxa3 bxa3 28. Nf5 Qc7 29. e5 dxe5 30. Nxe5 Bxe5 31. Rxe5+ Kf8 32. Rxc5 Qd6 33. Nxd6 Nd5 1-0

[Event "SUI-chT"]
[Site "Switzerland"]
[Date "2010.11.07"]
[Round "9.3"]
[White "Hickl, Joerg"]
[Black "Duport, Nicolas"]
[Result "1-0"]
[WhiteElo "2572"]
[BlackElo "2142"]
[PlyCount "55"]
[EventDate "2010.02.14"]
[EventType "team-tourn"]
[EventRounds "9"]
[EventCountry "SUI"]
[SourceTitle "EXT 2011"]
[Source "ChessBase"]
[SourceDate "2010.11.26"]
[SourceVersion "1"]
[SourceVersionDate "2010.11.26"]
[SourceQuality "1"]
[WhiteTeam "Riehen"]
[BlackTeam "Geneve"]
[WhiteTeamCountry "SUI"]
[BlackTeamCountry "SUI"]

1. g3 g6 2. Bg2 Bg7 3. c4 e5 4. Nc3 d6 5. d3 f5 6. Nf3 Nf6 7. 0-0 0-0 8. Rb1 Re8 9. b4 c6 10. Nd2 Nbd7 11. Bb2 Nf8 12. Qb3 Kh8 13. e3 Qe7 14. a4 Be6 15. Rbe1 Rad8 16. b5 c5 17. f4 Qd7 18. Nd5 Bg8 19. b6 Nxd5 20. cxd5 a6 21. Nc4 Qe7 22. fxe5 dxe5 23. e4 fxe4 24. dxe4 Nd7 25. Bh3 Nf8 26. Qe3 h5 27. Ba3 Nd7 28. d6 1-0

[Event "BL2-West 1011"]
[Site "Germany"]
[Date "2010.10.10"]
[Round "1.1"]
[White "Prie, Eric"]
[Black "Hickl, Joerg"]
[Result "1-0"]
[WhiteElo "2526"]
[BlackElo "2573"]
[PlyCount "85"]
[EventDate "2010.10.10"]
[EventType "team-tourn"]
[EventRounds "9"]
[EventCountry "GER"]
[SourceTitle "EXT 2012"]
[Source "ChessBase"]
[SourceDate "2011.11.24"]
[SourceVersion "1"]
[SourceVersionDate "2011.11.24"]
[SourceQuality "1"]
[WhiteTeam "Koblenz"]
[BlackTeam "Hofheim"]
[WhiteTeamCountry "GER"]
[BlackTeamCountry "GER"]

1. d4 d6 2. Nf3 Nf6 3. Nc3 g6 4. Bf4 Nh5 5. Be3 Bg7 6. Qd2 Bg4 7. 0-0-0 c6 8. Ng5 h6 9. h3 Bd7 10. Nge4 f5 11. g4 fxg4 12. hxg4 Bxg4 13. Qd3 Kf7 14. Bh3 Qd7 15. Bxg4 Qxg4 16. Rdg1 Qf5 17. Nxd6+ exd6 18. Qxf5+ gxf5 19. Rxh5 Bf6 20. Rxf5 d5 21. Bf4 Nd7 22. e4 Rag8 23. Re1 Rg2 24. Be3 Kg6 25. Rf3 dxe4 26. Nxe4 Re8 27. Nd6 Re6 28. Nf5 Nb6 29. Rh1 h5 30. Ng3 h4 31. Ne2 Bg5 32. Nf4+ Bxf4 33. Rxf4 Nc4 34. Rfxh4 Re7 35. Rh6+ Kf5 36. R6h5+ Kg6 37. R5h3 Kf5 38. b3 Nxe3 39. fxe3 Kg4 40. Rh7 Rxe3 41. Rg7+ Kf3 42. Rh3+ Kf4 43. Rf7+ 1-0

[Event "Seville op 35th"]
[Site "Seville"]
[Date "2010.01.13"]
[Round "6"]
[White "Hickl, Joerg"]
[Black "Lemos, Damian"]
[Result "1/2-1/2"]
[WhiteElo "2572"]
[BlackElo "2544"]
[PlyCount "31"]
[EventDate "2010.01.08"]
[EventType "swiss"]
[EventRounds "9"]
[EventCountry "ESP"]
[SourceTitle "CBM 134 Extra"]
[Source "ChessBase"]
[SourceDate "2010.03.03"]
[SourceVersion "1"]
[SourceVersionDate "2010.03.03"]
[SourceQuality "1"]

1. e4 e6 2. Nc3 d5 3. d4 Nf6 4. exd5 exd5 5. Bd3 Be7 6. Nge2 0-0 7. Bf4 b6 8. 0-0 c6 9. Ng3 Na6 10. Re1 Nc7 11. h3 Re8 12. Qf3 Ne6 13. Be3 g6 14. Nce2 Bf8 15. c3 Bg7 16. Bd2 1/2-1/2

[Event "Seville op 35th"]
[Site "Seville"]
[Date "2010.01.11"]
[Round "4"]
[White "Hickl, Joerg"]
[Black "Komljenovic, Davorin"]
[Result "1/2-1/2"]
[WhiteElo "2572"]
[BlackElo "2431"]
[PlyCount "79"]
[EventDate "2010.01.08"]
[EventType "swiss"]
[EventRounds "9"]
[EventCountry "ESP"]
[SourceTitle "CBM 134 Extra"]
[Source "ChessBase"]
[SourceDate "2010.03.03"]
[SourceVersion "1"]
[SourceVersionDate "2010.03.03"]
[SourceQuality "1"]

1. g3 g6 2. Bg2 Bg7 3. c4 e6 4. Nf3 d5 5. 0-0 Ne7 6. Na3 0-0 7. Rb1 c5 8. d3 Nbc6 9. Bd2 e5 10. cxd5 Nxd5 11. Qa4 Ndb4 12. Rfc1 Qe7 13. Nc4 Bd7 14. Qa3 b6 15. Bxb4 Nxb4 16. Ne1 Bc6 17. Bxc6 Nxc6 18. e3 Rad8 19. Qa4 Nb4 20. Rd1 Qb7 21. Qb3 b5 22. a3 bxc4 23. dxc4 e4 24. axb4 cxb4 25. Nc2 a5 26. Nd4 Qb6 27. Nb5 Rxd1+ 28. Rxd1 Rd8 29. Rxd8+ Qxd8 30. c5 Qd3 31. Qa4 Bxb2 32. Nd6 Kg7 33. Kg2 Be5 34. Qd7 Bxd6 35. cxd6 Qd1 36. Qc7 Qf3+ 37. Kg1 b3 38. Qxa5 Qd1+ 39. Kg2 Qxd6 40. Qc3+ 1/2-1/2